000 00562nam a2200181Ia 4500
999 _c11287
_d11287
082 _aTE.0015
100 _aEmmatty, Leena Mary
245 0 _aCaregivers of dementia patients: with reference to stress, coping, social support and caregiver activities
260 _c2005
_bTata Institute of Social Sciences, Mumbai
300 _a342
504 _aincludes appendices and bibliography
650 _aDementia
650 _aSchizophrenia
650 _aCaregivers
_vCaregivers
650 _aStress (Psychology)
710 _aKashyap, Lina D.
942 _cTH
_2ddc